Statistics for Pearl Jam songs by Lyrics

Click here to take the quiz!

General Stats

  • This quiz has been taken 948 times
  • The average score is 9 of 15

Answer Stats

HintAnswer% Correct
I know some day you'll have a beautiful life I know you'll be a star.Black
92%
Is somethin' wrong she said? Well of course there is.Alive
91%
Talkin' to herself there's no one else who needs to know, she tells herselfBetter Man
74%
The mother reads aloud, child, tries to understand it.Daughter
73%
Hear my name, take a good look, this could be the dayPorch
72%
Hey hey, can you see them? Out on the porch, yeah, but they don't wave.Yellow Ledbetter
62%
Please, don't go on meGo
57%
I took a drive todayRearviewmirror
56%
I don't wanna take what you can't give, I would rather starve than eat your breadCorduroy
55%
Oh dear Dad, can you see me now? I am myself, like you somehow.Release
51%
Got a gun, fact I got two, that's okay man, cause I love God!Glorified G
47%
She seems to be stronger, but what they want, her to be is weakWhy Go
46%
He's not a leader, he's a Texas leaguerBu$hleaguer
38%
The selfish, they're all standing in lineI Am Mine
35%
___ in the way, I feel, about youBugs
17%

Score Distribution

Percentile by Number Answered

Percent of People with Each Score

Your Score History

You have not taken this quiz